00889nam a22002057a 4500003000800000008004100008037000800049040003500057041000800092080001000100100003700110245012200147260008900269300002400358502011700382650007700499655001800576700003500594710005400629BI-BuBU260623b2025 bd fr|||| 000 0 fre d bdon aBI-BuBUbfrecBI-BuBUdBI-BuBU0 afre a394.90 4aut.aNdayikengurukiye, Alphonse14aLes relations burundo-libyennes sous la 2è republique c Alphonse Ndayikengurukiye ; christine Deslaurier,directeur aBujumburabUniversité du Burundi, Faculté des lettres et Sciences humainesc2024 aXIII-150 f.c30 cm. aMemoire présenté et défendu publiquement en vue d'obtention du grade de master en histoire et patrimoine 72BI-BuBUaRelations internationalesxBurundo-Libyennesx2è République 72BI-BuBUabook1 4dir.aDeslaurier ; christine  4aut.a Faculté des lettres et Sciences humaines